Statistics for Anime opening quiz

Click here to take the quiz!

General Stats

  • This quiz has been taken 3,113 times
  • The average score is 6 of 15

Answer Stats

OpeningAnswer% Correct
UnravelTokyo Ghoul
91%
Crossing FieldSword art online
82%
Guren no YumiyaAttack on titan
73%
The dayMy hero academia
70%
The hero!!One punch man
60%
The WorldDeath note
52%
Re:Re:Erased
33%
POP TEAM EPICPop team epic
31%
ImaginationHaikyuu!!
30%
Let me hearParasyte
29%
ResonanceSoul eater
28%
Pre ParadeToradora
21%
Uragiri no YuuyakeDurarara!!
14%
Kakakata Kataomoi-CNichijou
7%
Soramimi CakeAzumanga daioh
5%

Score Distribution

Percentile by Number Answered

Percent of People with Each Score

Your Score History

You have not taken this quiz